[Event "SR 5. liga SE-SI 2015/2016"]
[Site "?"]
[Date "2017.02.04"]
[Round "6.1"]
[White "Harasta, Marian"]
[Black "Ralbovsky, Dominik"]
[Result "1-0"]
[WhiteElo "1632"]
[BlackElo "1000"]
[PlyCount "106"]
[EventDate "2016.??.??"]

1. d4 d5 2. c4 Nf6 3. Qc2 Be6 4. c5 c6 5. Bf4 Nbd7 6. Nf3 Ne4 7. Nc3 Bf5 8. e3
Ndf6 9. Bd3 g6 10. Be5 e6 11. Bxf6 Qxf6 12. Nxe4 dxe4 13. Bxe4 Bg7 14. O-O O-O
15. Ne5 Bxe4 16. Qxe4 Qf5 17. Qxf5 gxf5 18. Nf3 b6 19. b4 b5 20. a4 a6 21. Ra2
Ra7 22. Rfa1 bxa4 23. Rxa4 Rfa8 24. g3 f6 25. Nd2 Bf8 26. f4 h5 27. Nc4 Rb8 28.
Nb6 Bg7 29. Rxa6 Rxa6 30. Rxa6 e5 31. Ra8 Rf8 32. Rxf8+ Kxf8 33. Kf2 Ke7 34.
Nc4 Kd7 35. Ke2 e4 36. Kd2 Kc7 37. Kc3 Bf8 38. h4 Kb7 39. Nd6+ Bxd6 40. cxd6
Kb8 41. Kc4 Kc8 42. Kc5 Kd7 43. d5 cxd5 44. Kxd5 Kd8 45. b5 Kd7 46. b6 Kc8 47.
Kc6 Kd8 48. b7 Ke8 49. d7+ Ke7 50. b8=R Ke6 51. d8=N+ Ke7 52. Rb7+ Ke8 53. Kd6
Kxd8 1-0

[Event "SR 5. liga SE-SI 2015/2016"]
[Site "?"]
[Date "2017.02.04"]
[Round "6.1"]
[White "Lanza, Matej"]
[Black "Davidik, Miroslav"]
[Result "0-1"]
[WhiteElo "1000"]
[BlackElo "1398"]
[PlyCount "64"]
[EventDate "2016.??.??"]

1. d4 d5 2. Nc3 e6 3. Nf3 h6 4. e3 Nf6 5. Bd3 Bd6 6. Bd2 Nbd7 7. Qe2 a6 8. O-O
c5 9. h3 c4 10. Ne5 cxd3 11. Qxd3 Nxe5 12. dxe5 Bxe5 13. e4 Nxe4 14. Nxe4 dxe4
15. Qxe4 Bxb2 16. Qa4+ b5 17. Ba5 Qf6 18. Qe4 Rb8 19. Bc7 Rb7 20. Be5 Bxe5 21.
Qc6+ Ke7 22. Qxa6 Bxa1 23. g3 Rd8 24. Qa3+ Ke8 25. Qc1 Bd4 26. a4 bxa4 27. c4
Qe5 28. Qa3 Bd7 29. Kh2 Rb3 30. f4 Qe2+ 31. Kh1 Qxf1+ 32. Kh2 Qg1# 0-1

[Event "SR 5. liga SE-SI 2015/2016"]
[Site "?"]
[Date "2017.02.04"]
[Round "6.1"]
[White "Parizek, Ondrej"]
[Black "Moravek, Peter"]
[Result "1-0"]
[WhiteElo "1000"]
[BlackElo "1000"]
[PlyCount "35"]
[EventDate "2016.??.??"]

1. e4 e5 2. Nf3 Nf6 3. Nxe5 Nxe4 4. Qe2 Bc5 5. Qxe4 Be3 6. Qxe3 d6 7. Nc6+ Kf8
8. Nxd8 f6 9. Qb3 Ke8 10. Bb5+ c6 11. Ba4 b5 12. Bxb5 cxb5 13. Qxb5+ Kxd8 14.
O-O Ba6 15. Qa5+ Kc8 16. Re1 g6 17. Re7 Re8 18. Qc7# 1-0

[Event "SR 5. liga SE-SI 2015/2016"]
[Site "?"]
[Date "2017.02.04"]
[Round "6.2"]
[White "Nemeckay, Rastislav"]
[Black "Zlamal, Marek"]
[Result "1-0"]
[WhiteElo "1990"]
[BlackElo "1811"]
[PlyCount "61"]
[EventDate "2016.??.??"]

1. e4 e5 2. Nf3 d6 3. d4 exd4 4. Qxd4 Nc6 5. Bb5 Bd7 6. Bxc6 bxc6 7. Nc3 h6 8.
Bf4 c5 9. Qd2 Be7 10. O-O-O f6 11. Rhe1 Bc6 12. Qe2 Qc8 13. Nh4 h5 14. Ng6 Rh7
15. e5 fxe5 16. Bxe5 Qf5 17. Nxe7 Qg5+ 18. f4 Qxe7 19. Qd3 O-O-O 20. Qxh7 dxe5
21. Rxd8+ Qxd8 22. Qf5+ Kb8 23. Qxe5 Nf6 24. g3 c4 25. Rd1 Qf8 26. a3 Bf3 27.
Rd4 Ng4 28. Qb5+ Ka8 29. h3 Nf2 30. Qd7 Qc5 31. Qc8# 1-0

[Event "SR 5. liga SE-SI 2015/2016"]
[Site "?"]
[Date "2017.02.04"]
[Round "6.2"]
[White "Svrcek, Daniel"]
[Black "Nemeckay, Dominik"]
[Result "1/2-1/2"]
[WhiteElo "1296"]
[BlackElo "1450"]
[PlyCount "35"]
[EventDate "2016.??.??"]

1. e4 e5 2. Nf3 Nc6 3. Bb5 Nf6 4. O-O a6 5. Ba4 b5 6. Bb3 d6 7. d3 Be6 8. c3
Bxb3 9. Qxb3 Be7 10. Bg5 Qd7 11. Nbd2 O-O 12. Rfe1 Nh5 13. Bxe7 Qxe7 14. Qd1
Nf4 15. Nf1 Ng6 16. Ne3 Qe6 17. Nf5 Qf6 18. Ne3 1/2-1/2

[Event "SR 5. liga SE-SI 2015/2016"]
[Site "?"]
[Date "2017.02.04"]
[Round "6.2"]
[White "Drinka, Robert"]
[Black "Sefcik, Oliver"]
[Result "0-1"]
[WhiteElo "1369"]
[BlackElo "1009"]
[PlyCount "72"]
[EventDate "2016.??.??"]

1. e4 e6 2. d4 d5 3. e5 c5 4. c3 Nc6 5. Bb5 Bd7 6. f4 Qb6 7. Bxc6 Bxc6 8. Nf3
f6 9. O-O Be7 10. Be3 Qxb2 11. Qd2 Qb6 12. dxc5 Bxc5 13. Bxc5 Qxc5+ 14. Qd4 b6
15. Nbd2 Qxd4+ 16. Nxd4 Bd7 17. c4 Ne7 18. cxd5 Nxd5 19. exf6 Nxf6 20. f5 exf5
21. Rae1+ Kf7 22. Nxf5 Bxf5 23. Rxf5 Rhe8 24. Rfe5 Rxe5 25. Rxe5 Re8 26. Rxe8
Nxe8 27. a4 Ke6 28. Kf2 Nd6 29. Ke3 Nb7 30. Nb3 Kd5 31. Kd3 Nc5+ 32. Nxc5 Kxc5
33. Kc3 a6 34. Kb3 Kd4 35. g3 g5 36. h3 Ke3 0-1

[Event "SR 5. liga SE-SI 2015/2016"]
[Site "?"]
[Date "2017.02.04"]
[Round "6.2"]
[White "Cermak, Lukas"]
[Black "Visvader, Kristof"]
[Result "1/2-1/2"]
[WhiteElo "1000"]
[BlackElo "1294"]
[PlyCount "70"]
[EventDate "2016.??.??"]

1. e4 e5 2. Bc4 Nf6 3. Nc3 Nc6 4. Nf3 Bb4 5. O-O O-O 6. a3 Bxc3 7. dxc3 d6 8.
Re1 Be6 9. Bxe6 fxe6 10. Bg5 h6 11. Bh4 Qe7 12. b4 Rad8 13. Qe2 Rd7 14. Rad1
Qf7 15. b5 Nd8 16. c4 Qe7 17. a4 Nf7 18. Qe3 b6 19. c3 Rfd8 20. Rb1 Nh8 21.
Red1 Ng6 22. g3 Nxh4 23. Nxh4 Rf8 24. Rf1 Qe8 25. f3 g5 26. Ng2 Nh5 27. Rb2 Rf6
28. Rd2 Qg6 29. Re2 Rf8 30. Kh1 Kh8 31. g4 Nf4 32. Ref2 Nxg2 33. Rxg2 Rf4 34.
h3 Rdf7 35. Rg3 Qf6 1/2-1/2

[Event "SR 5. liga SE-SI 2015/2016"]
[Site "?"]
[Date "2017.02.04"]
[Round "6.2"]
[White "Visvader, Rudolf"]
[Black "Bartosik, Rafael"]
[Result "1-0"]
[WhiteElo "1000"]
[BlackElo "1000"]
[PlyCount "75"]
[EventDate "2016.??.??"]

1. e4 e5 2. Nc3 Nf6 3. f4 exf4 4. Nf3 Nc6 5. Bc4 Bc5 6. a3 Ng4 7. d4 Bd6 8. Qe2
O-O 9. O-O Ne7 10. e5 Bxe5 11. dxe5 d6 12. Bxf4 dxe5 13. Nxe5 Qd4+ 14. Kh1 Nf5
15. Rad1 Qc5 16. Nxg4 b6 17. Nd5 Nd4 18. Ne7+ Kh8 19. Qe4 Bxg4 20. Rxd4 Rae8
21. Re1 b5 22. Bb3 h6 23. Rd5 c6 24. Rxc5 Rd8 25. Qe5 Rfe8 26. Bxh6 f6 27. Qf4
Rxe7 28. h3 Rxe1+ 29. Kh2 Rdd1 30. Bxg7+ Kxg7 31. Qxg4+ Kf8 32. Qg8+ Ke7 33.
Qf7+ Kd8 34. Qxf6+ Kc7 35. Qxc6+ Kd8 36. Rd5+ Ke7 37. Qd7+ Kf6 38. Rxd1 1-0

[Event "SR 5. liga SE-SI 2015/2016"]
[Site "?"]
[Date "2017.02.04"]
[Round "6.3"]
[White "Wallner, Juraj"]
[Black "Stasek, Daniel"]
[Result "1-0"]
[WhiteElo "1536"]
[BlackElo "1617"]
[PlyCount "26"]
[EventDate "2016.??.??"]

1. e4 e6 2. Nf3 d5 3. exd5 exd5 4. d4 Nf6 5. Be2 Bd6 6. Bg5 O-O 7. O-O h6 8.
Bh4 Bf4 9. Nc3 c6 10. Bd3 Bg4 11. h3 Be6 12. Re1 Nbd7 13. Ne5 Qc7 {
nie je mo#nÃ prehra} 1-0

[Event "SR 5. liga SE-SI 2015/2016"]
[Site "?"]
[Date "2017.02.04"]
[Round "6.3"]
[White "Sladek, Michal"]
[Black "Vozarova, Adriana"]
[Result "1-0"]
[WhiteElo "1383"]
[BlackElo "1607"]
[PlyCount "49"]
[EventDate "2016.??.??"]

1. e4 e5 2. Nf3 Nc6 3. Bb5 a6 4. Ba4 Nf6 5. d3 b5 6. Bb3 d6 7. h3 Na5 8. Bg5
Nxb3 9. axb3 Be7 10. Qd2 O-O 11. c4 Bb7 12. Nc3 c6 13. O-O h6 14. Bh4 b4 15.
Nd1 c5 16. Kh1 Nxe4 17. dxe4 Bxh4 18. Nxh4 Qxh4 19. Qxd6 Qxe4 20. f3 Qd4 21.
Qc7 Rab8 22. Re1 f6 23. Ne3 Rfc8 24. Qe7 Qxb2 25. Nf5 1-0

[Event "SR 5. liga SE-SI 2015/2016"]
[Site "?"]
[Date "2017.02.04"]
[Round "6.3"]
[White "Tomasovic, Pavol"]
[Black "Daniel, Dusan"]
[Result "0-1"]
[WhiteElo "1278"]
[BlackElo "1494"]
[PlyCount "76"]
[EventDate "2016.??.??"]

1. e4 e5 2. Nf3 Nc6 3. Bb5 a6 4. Ba4 Bc5 5. c3 Bb6 6. O-O d6 7. d4 Bg4 8. d5
Ba7 9. dxc6 b5 10. Bb3 Qf6 11. Nbd2 Ne7 12. Re1 Nxc6 13. Nf1 Bxf3 14. Qxf3 Qxf3
15. gxf3 b4 16. Bd5 Kd7 17. Bxf7 Rhf8 18. Bh5 g6 19. Bg4+ Ke8 20. Bh6 Rf7 21.
Rac1 Rb8 22. Ne3 bxc3 23. Rxc3 Nd4 24. Nd5 Rxb2 25. Kg2 Nxf3 26. Rxf3 Rxf3 27.
Bxf3 Rxf2+ 28. Kg3 Rxa2 29. Nxc7+ Kd7 30. Nd5 Bf2+ 31. Kh3 Bxe1 32. Nf6+ Kc6
33. Nxh7 a5 34. Nf6 Rf2 35. Kg4 Rxh2 36. Be3 Rh4+ 37. Kg5 Rh3 38. Kg4 Rg3+ 0-1

[Event "SR 5. liga SE-SI 2015/2016"]
[Site "?"]
[Date "2017.02.04"]
[Round "6.3"]
[White "Steiner, Juraj"]
[Black "Fajtakova, Silvia"]
[Result "1-0"]
[WhiteElo "1000"]
[BlackElo "1310"]
[PlyCount "105"]
[EventDate "2016.??.??"]

1. c4 e5 2. Nc3 Nf6 3. g3 d5 4. Bg2 c6 5. b3 Be6 6. d3 Bb4 7. Bd2 O-O 8. Nf3
Re8 9. Nxe5 Bf5 10. d4 dxc4 11. e3 cxb3 12. Qxb3 Qd6 13. Qxf7+ Kh8 14. Qxb7 Bg6
15. Qxa8 Bxc3 16. Nxg6+ hxg6 17. Bxc3 Qa3 18. O-O Qxc3 19. Rac1 Qa3 20. Bxc6
Rg8 21. Qb7 Qd6 22. Bg2 Nbd7 23. Bh3 Nb6 24. Rc6 Qa3 25. e4 Nxe4 26. Rxg6 Nd2
27. Qc6 Qf8 28. Rc1 Nf3+ 29. Kg2 Nxd4 30. Qe4 Qa8 31. Qxa8 Rxa8 32. Rc7 Rg8 33.
Rxa7 Na8 34. Rd7 Nb5 35. Be6 Kh7 36. Bxg8+ Kxg6 37. Bd5 Nac7 38. a4 Nxd5 39.
axb5 Nc3 40. b6 Ne4 41. b7 Nf6 42. Rd6 Kh7 43. b8=Q Ne4 44. Rd4 Nf6 45. Kf3 Kg6
46. Qb1+ Kf7 47. g4 g5 48. Qf5 Kg7 49. Qxg5+ Kf7 50. Rd6 Ne8 51. Rd7+ Kf8 52.
Qe7+ Kg8 53. Qxe8# 1-0

[Event "SR 5. liga SE-SI 2015/2016"]
[Site "?"]
[Date "2017.02.04"]
[Round "6.3"]
[White "Novomeska, Karin"]
[Black "Datko, Jan"]
[Result "0-1"]
[WhiteElo "1110"]
[BlackElo "1174"]
[PlyCount "130"]
[EventDate "2016.??.??"]

1. e4 e5 2. Nf3 Nc6 3. Bc4 Bc5 4. c3 Be7 5. d4 f6 6. dxe5 fxe5 7. Qd5 Nh6 8.
Bxh6 Rf8 9. Bxg7 Rf5 10. Qg8+ Bf8 11. Bxf8 Rxf8 12. Qxh7 Qf6 13. Qh5+ Kd8 14.
Qg5 d6 15. Qxf6+ Rxf6 16. Nbd2 Ne7 17. Ng5 c5 18. Ndf3 Rg6 19. Rd1 Bg4 20. Nf7+
Kc7 21. N7xe5 dxe5 22. Nxe5 Bxd1 23. Nxg6 Nxg6 24. Kxd1 Rd8+ 25. Ke2 Rf8 26.
Re1 Nf4+ 27. Kf1 Rh8 28. h3 a6 29. Bd5 Nd3 30. Re2 Rf8 31. e5 Re8 32. e6 Nf4
33. Re5 Kd6 34. Re4 Nxd5 35. g4 Nc7 36. e7 Nd5 37. Kg2 Nxe7 38. g5 Rg8 39. h4
Nf5 40. Rf4 Ne7 41. Rg4 Ng6 42. h5 Ne5 43. Rg3 Ke6 44. g6 Kf6 45. f4 Nc4 46. f5
Kg7 47. Rf3 Ne5 48. Rh3 Rh8 49. Rg3 b5 50. f6+ Kxf6 51. g7 Rg8 52. h6 Nf7 53.
h7 Rxg7 54. h8=Q Nxh8 55. Rxg7 Kxg7 56. Kf3 Kf6 57. Kf4 Ke6 58. b4 Kd6 59. Ke3
c4 60. Kd4 Nf7 61. a3 Nd8 62. Ke3 Nc6 63. Kd2 a5 64. Kc2 axb4 65. axb4 Ne5 {
nehratelnÃ} 0-1

[Event "SR 5. liga SE-SI 2015/2016"]
[Site "?"]
[Date "2017.02.04"]
[Round "6.4"]
[White "Celustkova, Lubica"]
[Black "Moravec, Milan"]
[Result "1/2-1/2"]
[WhiteElo "1697"]
[BlackElo "1673"]
[PlyCount "30"]
[EventDate "2016.??.??"]

1. e4 e6 2. d4 d5 3. exd5 exd5 4. Bf4 Nf6 5. Bd3 Be7 6. Nf3 Bg4 7. h3 Bh5 8.
O-O O-O 9. Nbd2 Nbd7 10. c3 c5 11. dxc5 Nxc5 12. Be2 Nce4 13. Nxe4 Nxe4 14. Nd2
Nxd2 15. Qxd2 Bxe2 1/2-1/2

[Event "SR 5. liga SE-SI 2015/2016"]
[Site "?"]
[Date "2017.02.04"]
[Round "6.4"]
[White "Cerovsky, Marian"]
[Black "Drozd, Jan"]
[Result "1-0"]
[WhiteElo "1804"]
[BlackElo "1562"]
[PlyCount "137"]
[EventDate "2016.??.??"]

1. e4 c5 2. Nc3 Nc6 3. Nf3 d6 4. h3 Nf6 5. Bc4 e6 6. a4 Be7 7. d3 a6 8. O-O O-O
9. Nh2 Ne5 10. Ba2 b6 11. f4 Ng6 12. Ne2 Bb7 13. Ng3 d5 14. e5 Ne8 15. c3 d4
16. c4 f5 17. Qh5 Bh4 18. Ne2 Qd7 19. Bb3 Qc6 20. Nf3 Rd8 21. Kh2 Rd7 22. Bd2
Ba8 23. Be1 Bxe1 24. Raxe1 Rff7 25. Rf2 Nf8 26. Ng5 g6 27. Qh4 Rg7 28. Bd1 b5
29. axb5 axb5 30. b3 bxc4 31. bxc4 Ra7 32. Ng1 Ra3 33. Bf3 Qa6 34. Bxa8 Qxa8
35. Rd2 Qa5 36. Red1 Ra2 37. Qf2 Rxd2 38. Rxd2 h6 39. N5f3 g5 40. g3 Nh7 41.
Ra2 Qb6 42. Ne1 Qc6 43. Qb2 Rb7 44. Qa1 Rb8 45. Ra6 Rb6 46. Ra8 Rb2+ 47. Qxb2
Qxa8 48. Qb6 Qc8 49. Ne2 Nf8 50. Nc1 Ng7 51. Nb3 Nd7 52. Qb5 gxf4 53. gxf4 Ne8
54. Nf3 Nc7 55. Qc6 Qd8 56. Nxc5 Nxc5 57. Qxc5 Qd7 58. Nxd4 Kf7 59. Qa7 Ke7 60.
Nb5 Nxb5 61. Qxd7+ Kxd7 62. cxb5 Kc7 63. Kg3 Kb6 64. Kh4 Kxb5 65. Kh5 Kc5 66.
Kxh6 Kd4 67. Kg6 Kxd3 68. h4 Ke3 69. h5 1-0

[Event "SR 5. liga SE-SI 2015/2016"]
[Site "?"]
[Date "2017.02.04"]
[Round "6.4"]
[White "Buran, Andrej Ml"]
[Black "Damborsky, Pavol"]
[Result "1-0"]
[WhiteElo "1577"]
[BlackElo "1663"]
[PlyCount "67"]
[EventDate "2016.??.??"]

1. e4 e5 2. Nf3 d6 3. d4 exd4 4. Nxd4 Nf6 5. Nc3 Be7 6. Bc4 Bg4 7. f3 Bd7 8.
Be3 Nc6 9. Qd2 Ne5 10. Bb3 a6 11. a4 c5 12. Nde2 Bh3 13. f4 Bxg2 14. fxe5 Nxe4
15. Nxe4 Bxh1 16. Nxd6+ Bxd6 17. Qxd6 Qxd6 18. exd6 b6 19. a5 b5 20. Bxc5 O-O
21. Kf2 Bc6 22. Ng3 Bd7 23. Ne4 h6 24. Bd5 Rab8 25. Rg1 Kh8 26. Bb6 Rbe8 27.
Nc5 Be6 28. d7 Bxd5 29. dxe8=Q Rxe8 30. Re1 Rxe1 31. Kxe1 f5 32. Nxa6 g5 33.
Nc7 Bc6 34. a6 1-0

[Event "SR 5. liga SE-SI 2015/2016"]
[Site "?"]
[Date "2017.02.04"]
[Round "6.4"]
[White "Dubecky, Ladislav"]
[Black "Kaufman, Robert"]
[Result "1-0"]
[WhiteElo "1606"]
[BlackElo "1339"]
[PlyCount "47"]
[EventDate "2016.??.??"]

1. e4 e5 2. f4 Bc5 3. Nf3 d6 4. Bc4 Bg4 5. fxe5 dxe5 6. Rf1 Nd7 7. Bxf7+ Kf8 8.
Bxg8 Kxg8 9. c3 Qe7 10. Qb3+ Be6 11. Qxb7 Nb6 12. d4 Bc8 13. Qc6 Bd7 14. Qxc5
Qxc5 15. dxc5 Bb5 16. cxb6 Bxf1 17. Kxf1 cxb6 18. Bg5 h6 19. Be7 Re8 20. Bd6
Kf7 21. Bxe5 Rhg8 22. Nbd2 g5 23. Bd4 Rgf8 24. Kg1 1-0

[Event "SR 5. liga SE-SI 2015/2016"]
[Site "?"]
[Date "2017.02.04"]
[Round "6.4"]
[White "Bazovsky, Max"]
[Black "Pisecky, Jan"]
[Result "1-0"]
[WhiteElo "1266"]
[BlackElo "1440"]
[PlyCount "71"]
[EventDate "2016.??.??"]

1. d4 d5 2. e3 Nf6 3. Bd3 e6 4. Nd2 Bd6 5. f4 c5 6. c3 c4 7. Bc2 Bd7 8. Ngf3
Ng4 9. Qe2 f5 10. O-O Nc6 11. Ne5 Bxe5 12. fxe5 g6 13. b3 b5 14. Nf3 a6 15. Ne1
Qe7 16. h3 Nh6 17. e4 Nf7 18. exd5 exd5 19. a4 O-O 20. Ba3 b4 21. cxb4 Nxb4 22.
bxc4 Be6 23. Bb3 Rfd8 24. cxd5 Bxd5 25. Bxd5 Rxd5 26. Qc4 Rad8 27. Bxb4 Qh4 28.
Nf3 Qf4 29. Rae1 Ng5 30. Be7 Nxf3+ 31. Rxf3 Qd2 32. Re2 Qd1+ 33. Rf1 Qxd4+ 34.
Qxd4 Rxd4 35. Bxd8 Rxa4 36. Bf6 1-0

[Event "SR 5. liga SE-SI 2015/2016"]
[Site "?"]
[Date "2017.02.18"]
[Round "7.1"]
[White "Stasek, Daniel"]
[Black "Hrdlicka, Martin"]
[Result "1-0"]
[WhiteElo "1617"]
[BlackElo "1345"]
[PlyCount "113"]
[EventDate "2016.??.??"]

1. e4 e5 2. Nf3 Nc6 3. Bb5 a6 4. Ba4 Nf6 5. d3 Be7 6. Bxc6 dxc6 7. Nxe5 O-O 8.
O-O Bd6 9. Nc4 Bc5 10. Ne3 Qe7 11. d4 Bb6 12. e5 Ne4 13. c3 Be6 14. Qc2 f5 15.
exf6 Nxf6 16. Nd2 Rae8 17. Ndc4 Ba7 18. b3 c5 19. Ba3 Nd5 20. Bxc5 Bxc5 21.
dxc5 Qxc5 22. Nxd5 Qxd5 23. Rad1 Qg5 24. Ne3 Rf6 25. Qd2 Rg6 26. g3 Qh5 27. Ng2
Rf6 28. Nf4 Qf5 29. Nxe6 Rexe6 30. Qd5 Kf7 31. Qxf5 Rxf5 32. Rd7+ Re7 33. Rfd1
Rfe5 34. Rxe7+ Kxe7 35. Kf1 Ke6 36. Re1 Rxe1+ 37. Kxe1 Ke5 38. Ke2 Kf5 39. h3
h6 40. Ke3 Ke5 41. f3 g6 42. a4 c5 43. f4+ Kf5 44. g4+ Ke6 45. Ke4 Kd6 46. h4
Ke6 47. f5+ gxf5+ 48. gxf5+ Kd6 49. Kf4 Ke7 50. Ke5 h5 51. f6+ Kf7 52. Kf5 Kf8
53. Ke6 a5 54. Kf5 Kf7 55. Kg5 b6 56. c4 Kf8 57. Kxh5 1-0

[Event "SR 5. liga SE-SI 2015/2016"]
[Site "?"]
[Date "2017.02.18"]
[Round "7.1"]
[White "Bazovsky, Max"]
[Black "Sladek, Michal"]
[Result "1-0"]
[WhiteElo "1266"]
[BlackElo "1383"]
[PlyCount "103"]
[EventDate "2016.??.??"]

1. d4 d5 2. e3 Nf6 3. Bd3 Bg4 4. Nf3 Ne4 5. h3 Bh5 6. Nbd2 f5 7. Be2 Nd7 8. Ne5
Bxe2 9. Qxe2 g6 10. Qb5 Nd6 11. Qxd5 c6 12. Qb3 Qa5 13. Nxd7 Kxd7 14. O-O Kc7
15. c4 c5 16. Qd3 Bg7 17. Nb3 Qb4 18. Nxc5 Qxc4 19. Qxc4 Nxc4 20. Ne6+ Kd7 21.
Nxg7 Rhg8 22. Nxf5 gxf5 23. b3 Nd6 24. Ba3 Nb5 25. Bb2 Rac8 26. Rac1 Nd6 27. f3
Rgf8 28. Rxc8 Rxc8 29. Rc1 Rf8 30. g3 Rg8 31. Kf2 h5 32. Re1 Rc8 33. Re2 Rh8
34. e4 Rf8 35. e5 Nb5 36. Kg2 Ke6 37. Rc2 Rd8 38. Rc4 Kd7 39. g4 hxg4 40. hxg4
Rg8 41. Kg3 e6 42. Kf4 Rf8 43. Rc2 Rh8 44. gxf5 exf5 45. Kxf5 Rh4 46. f4 Rh1
47. Kf6 Nc7 48. f5 Rf1 49. Ba3 Nb5 50. Bb2 Rf4 51. d5 Nc7 52. e6+ 1-0

[Event "SR 5. liga SE-SI 2015/2016"]
[Site "?"]
[Date "2017.02.18"]
[Round "7.1"]
[White "Daniel, Dusan"]
[Black "Oslej, Marek"]
[Result "1/2-1/2"]
[WhiteElo "1494"]
[BlackElo "1169"]
[PlyCount "74"]
[EventDate "2016.??.??"]

1. e4 e5 2. Nf3 Nc6 3. Bc4 Bc5 4. O-O d6 5. h3 Nf6 6. d3 h6 7. Be3 Bb6 8. c3
Be6 9. Bb5 Bd7 10. Nbd2 O-O 11. Ba4 Qe7 12. Qc2 Rfe8 13. Bxb6 axb6 14. Bb3 Na5
15. d4 Nh5 16. dxe5 dxe5 17. Rfe1 Nxb3 18. axb3 Rab8 19. Nc4 Qf6 20. Nfxe5 Rxe5
21. Nxe5 Qxe5 22. Ra4 Bxa4 23. bxa4 Qg5 24. Rd1 Rd8 25. c4 Rxd1+ 26. Qxd1 Nf6
27. Qd8+ Kh7 28. Qxc7 Nxe4 29. Qxb7 Qc1+ 30. Kh2 Qf4+ 31. Kg1 Qxf2+ 32. Kh2
Qg3+ 33. Kg1 Qe1+ 34. Kh2 Qe3 35. Qxf7 Qg3+ 36. Kg1 Qe1+ 37. Kh2 Qg3+ 1/2-1/2

[Event "SR 5. liga SE-SI 2015/2016"]
[Site "?"]
[Date "2017.02.18"]
[Round "7.1"]
[White "Valent, Tomas"]
[Black "Steiner, Juraj"]
[Result "1-0"]
[WhiteElo "1000"]
[BlackElo "1000"]
[PlyCount "99"]
[EventDate "2016.??.??"]

1. e4 d5 2. e5 c5 3. c4 d4 4. d3 Nc6 5. Nf3 Bg4 6. Be2 Bxf3 7. Bxf3 Nxe5 8.
Bxb7 Rb8 9. Be4 Nf6 10. Bf4 Nfd7 11. b3 e6 12. O-O Bd6 13. Na3 a6 14. Qd2 Qb6
15. Rab1 Nf6 16. Rb2 Nxe4 17. dxe4 O-O 18. Rfb1 Qc7 19. Nc2 Nf3+ 20. gxf3 Bxf4
21. Qe1 Bxh2+ 22. Kh1 Qf4 23. Qf1 Qh4 24. Qg2 Bg3+ 25. Kg1 Bxf2+ 26. Qxf2 Qh3
27. b4 f5 28. Ne1 fxe4 29. Qg2 Qxg2+ 30. Kxg2 exf3+ 31. Nxf3 cxb4 32. Rxb4 Rxb4
33. Rxb4 Rd8 34. c5 d3 35. Rb2 e5 36. Kf2 e4 37. Nd2 Re8 38. Ke3 h5 39. Nxe4 g5
40. Kxd3 Re5 41. c6 Rd5+ 42. Ke3 Rd8 43. c7 Rc8 44. Rb8 Rxb8 45. cxb8=Q+ Kg7
46. Nxg5 Kg6 47. Kf4 h4 48. Qb6+ Kh5 49. Qxa6 h3 50. Nxh3 1-0

[Event "SR 5. liga SE-SI 2015/2016"]
[Site "?"]
[Date "2017.02.18"]
[Round "7.1"]
[White "Datko, Jan"]
[Black "Kaufmanova, Karin"]
[Result "1-0"]
[WhiteElo "1174"]
[BlackElo "1000"]
[PlyCount "27"]
[EventDate "2016.??.??"]

1. e4 e5 2. Nf3 Nc6 3. Bc4 Bc5 4. c3 d6 5. d3 Bg4 6. h3 Nf6 7. hxg4 Nxe4 8. d4
exd4 9. cxd4 Bb6 10. Nc3 Nxc3 11. bxc3 Qe7+ 12. Be3 Ba5 13. Qd3 O-O 14. Qxh7#
1-0

[Event "SR 5. liga SE-SI 2015/2016"]
[Site "?"]
[Date "2017.02.18"]
[Round "7.2"]
[White "Benak, Peter"]
[Black "Tomasovic, Roman"]
[Result "1-0"]
[WhiteElo "1576"]
[BlackElo "1621"]
[PlyCount "135"]
[EventDate "2016.??.??"]

1. c4 d6 2. d4 Nf6 3. g3 g6 4. Bg2 Bg7 5. e3 c5 6. Ne2 Nc6 7. O-O O-O 8. Nbc3
Bd7 9. a3 Rb8 10. Rb1 a5 11. Bd2 e5 12. dxc5 dxc5 13. Nb5 b6 14. Bc3 Ne8 15.
Qd2 Qe7 16. Rfd1 Nf6 17. Qd6 Qxd6 18. Rxd6 Ne7 19. Bxe5 Bxb5 20. cxb5 Ne8 21.
Rxg6 hxg6 22. Bxb8 Nc8 23. b3 Ned6 24. Bxd6 Nxd6 25. a4 Re8 26. Rd1 Bf8 27. Nf4
c4 28. bxc4 Nxc4 29. Nd5 Kg7 30. Rc1 Nb2 31. Nxb6 Nd3 32. Rc8 Re6 33. Nc4 Nc5
34. Nxa5 Nxa4 35. Nc4 Bc5 36. b6 Bxb6 37. Nxb6 Nxb6 38. Rc6 Rxc6 39. Bxc6 Nc4
40. Kf1 Ne5 41. Bb5 f6 42. Kg2 g5 43. f4 gxf4 44. exf4 Ng4 45. h3 Ne3+ 46. Kf3
Nf5 47. Bd3 Nd4+ 48. Ke4 Ne6 49. g4 Nc5+ 50. Kd4 Ne6+ 51. Ke3 Nc5 52. Bc2 Kh6
53. h4 Kg7 54. g5 Nd7 55. Bf5 Nc5 56. Kd4 Nb3+ 57. Kd5 Nd2 58. Ke6 fxg5 59.
hxg5 Nf3 60. Bb1 Nd4+ 61. Kd5 Ne2 62. Ke5 Nc3 63. Bc2 Ne2 64. f5 Ng3 65. f6+
Kf8 66. g6 Nh5 67. Bd1 Ng3 68. g7+ 1-0

[Event "SR 5. liga SE-SI 2015/2016"]
[Site "?"]
[Date "2017.02.18"]
[Round "7.2"]
[White "Vozarova, Adriana"]
[Black "Svrcek, Daniel"]
[Result "1-0"]
[WhiteElo "1607"]
[BlackElo "1296"]
[PlyCount "103"]
[EventDate "2016.??.??"]

1. e4 e6 2. d4 d5 3. Nd2 dxe4 4. Nxe4 Nf6 5. Nxf6+ Qxf6 6. Nf3 h6 7. Bd3 Nc6 8.
O-O Bd6 9. Re1 O-O 10. c3 Bd7 11. Qe2 Rfe8 12. Ne5 Rad8 13. f4 Ne7 14. Bd2 Nd5
15. Rf1 c5 16. Rae1 cxd4 17. cxd4 Nb4 18. Bb1 a6 19. Nxd7 Rxd7 20. Qe4 Nc6 21.
Bc3 Nd8 22. d5 Bc5+ 23. Kh1 Qg6 24. Qc4 Qh5 25. Qxc5 Qxd5 26. Qxd5 Rxd5 27. Rd1
Rc5 28. Rd7 b6 29. Rfd1 Rc8 30. R7d6 Nc6 31. Be4 Ne7 32. Rxb6 Nd5 33. Bxd5 exd5
34. Rd6 Rcd8 35. R6xd5 Rxd5 36. Rxd5 Re4 37. g3 Ra4 38. Ra5 Rxa5 39. Bxa5 Kf8
40. Kg2 Ke7 41. Kf3 Kd6 42. Bb4+ Ke6 43. Ke4 g6 44. a4 Kd7 45. Kd5 Kc7 46. Bc5
h5 47. b4 Kd7 48. b5 axb5 49. axb5 Kc7 50. b6+ Kb7 51. Kd6 Kc8 52. Ke7 1-0

[Event "SR 5. liga SE-SI 2015/2016"]
[Site "?"]
[Date "2017.02.18"]
[Round "7.2"]
[White "Horak, Viliam"]
[Black "Tomasovic, Pavol"]
[Result "0-1"]
[WhiteElo "1239"]
[BlackElo "1278"]
[PlyCount "119"]
[EventDate "2016.??.??"]

1. d4 d5 2. c4 e6 3. Nc3 Nf6 4. Bg5 Be7 5. Nf3 O-O 6. e3 Nbd7 7. Bd3 b6 8. Qc2
dxc4 9. Bxc4 Bb7 10. e4 Rc8 11. O-O Ne8 12. Bxe7 Qxe7 13. Bd3 c5 14. Rac1 cxd4
15. Nxd4 Nc5 16. Rfd1 Nxd3 17. Qxd3 Qg5 18. Nf3 Qh5 19. Qe3 Nf6 20. Qg5 Qxg5
21. Nxg5 h6 22. e5 Ng4 23. Nf3 Bxf3 24. gxf3 Nxe5 25. Kg2 Rfd8 26. Nb5 Rxc1 27.
Rxc1 a6 28. Nc3 Kh7 29. Kg3 Rd2 30. Re1 Nd3 31. Rd1 Rxd1 32. Nxd1 a5 33. b3 Nb4
34. Nc3 Kg6 35. Kg4 f5+ 36. Kf4 Kf6 37. h3 Nd5+ 38. Nxd5+ exd5 39. h4 g5+ 40.
hxg5+ hxg5+ 41. Ke3 Ke5 42. Kd3 Kf4 43. Ke2 d4 44. a3 d3+ 45. Kxd3 Kxf3 46. b4
axb4 47. axb4 Kxf2 48. Kd4 g4 49. b5 g3 50. Kd5 g2 51. Kc6 g1=Q 52. Kxb6 Ke2+
53. Kc6 f4 54. b6 Qxb6+ 55. Kxb6 f3 56. Kc6 f2 57. Kd5 f1=Q 58. Ke5 Ke3 59. Kd5
Qf4 60. Kc5 0-1

[Event "SR 5. liga SE-SI 2015/2016"]
[Site "?"]
[Date "2017.02.18"]
[Round "7.2"]
[White "Fajtakova, Silvia"]
[Black "Sefcik, Oliver"]
[Result "0-1"]
[WhiteElo "1310"]
[BlackElo "1009"]
[PlyCount "114"]
[EventDate "2016.??.??"]

1. e4 e6 2. d4 d5 3. exd5 exd5 4. Nf3 Nc6 5. Bb5 Nge7 6. O-O g6 7. Re1 Be6 8.
Ng5 Qd7 9. Qe2 Bg7 10. c3 Bf5 11. b3 O-O 12. Bxc6 Nxc6 13. Bd2 Rfe8 14. Qf1
Rxe1 15. Bxe1 Re8 16. Nd2 Qe7 17. Ngf3 a6 18. b4 Na7 19. a4 c6 20. Nb3 Nc8 21.
Nc5 b6 22. Nxa6 Nd6 23. b5 cxb5 24. axb5 Ra8 25. Bd2 Bd7 26. Re1 Qd8 27. Nb4
Bxb5 28. Nd3 Ne4 29. Re3 Bh6 30. Re1 Nxd2 31. Nxd2 Bxd2 32. Rd1 Bxc3 33. Qe2
Bxd4 34. Qg4 Qf6 35. Qg3 Bxd3 36. Qf3 Be4 37. Qxf6 Bxf6 38. f3 Bf5 39. Rxd5 Rb8
40. Rd6 b5 41. Rxf6 b4 42. Kf2 b3 43. Rd6 b2 44. Rd1 b1=Q 45. Rxb1 Rxb1 46. Kg3
g5 47. h4 gxh4+ 48. Kxh4 Kg7 49. g4 Bxg4 50. fxg4 Kg6 51. g5 f6 52. gxf6 Kxf6
53. Kh5 Kf5 54. Kh6 Rg1 55. Kxh7 Kf6 56. Kh8 Kf7 57. Kh7 Rh1# 0-1